| 000 | 00593nam a22001817a 4500 | ||
|---|---|---|---|
| 999 |
_c8701 _d8701 |
||
| 008 | 201210b ||||| |||| 00| 0 eng d | ||
| 040 | _aBMS College of Architecture | ||
| 100 | _aShah, Anshumalin Amod | ||
| 245 | _aRe Use - research university for sustainable environment Kudhremukh | ||
| 300 | _a38p. | ||
| 500 | _a1BM11AT007 | ||
| 502 |
_8B,Arch _NBMS College of Architecture, Visvesvaraya Technological University (VTU) _aProject report _d2105 |
||
| 650 | _aUniversity | ||
| 650 | _aSustainable | ||
| 700 |
_aSamihita B S _eGuide |
||
| 700 |
_aPrathima Reddy _eGuide |
||
| 942 |
_2ddc _cTHE |
||